|
|
|
|
| LEADER |
00000nam0a2200000 4500 |
| 001 |
253216 |
| 005 |
20231101232825.0 |
| 010 |
|
|
|a 5229003227
|
| 020 |
|
|
|a RU
|b 89-42364
|
| 035 |
|
|
|a (RuTPU)RU\TPU\book\275602
|
| 090 |
|
|
|a 253216
|
| 100 |
|
|
|a 20140312d1989 km y0rusy5003 ca
|
| 101 |
0 |
|
|a rus
|
| 102 |
|
|
|a RU
|
| 105 |
|
|
|a a z 001zy
|
| 200 |
1 |
|
|a Газовщик коксовых печей
|f Г. М. Вольфовский, Л. И. Мироненко, А. А. Кауфман
|
| 210 |
|
|
|a Москва
|c Металлургия
|d 1989
|
| 215 |
|
|
|a 190 с.
|c ил.
|
| 320 |
|
|
|a Библиогр.: с. 189.
|
| 606 |
1 |
|
|a Коксовые печи
|x Эксплуатация
|2 stltpush
|3 (RuTPU)RU\TPU\subj\33283
|9 55568
|
| 610 |
1 |
|
|a коксохимическое производство
|
| 610 |
1 |
|
|a технология
|
| 610 |
1 |
|
|a уголь
|
| 610 |
1 |
|
|a обогащение
|
| 610 |
1 |
|
|a конструкции
|
| 610 |
1 |
|
|a загрузка
|
| 610 |
1 |
|
|a кокс
|
| 610 |
1 |
|
|a выдача
|
| 610 |
1 |
|
|a кладка
|
| 610 |
1 |
|
|a повреждения
|
| 610 |
1 |
|
|a коксовые батареи
|
| 610 |
1 |
|
|a обогрев
|
| 610 |
1 |
|
|a арматура
|
| 610 |
1 |
|
|a охрана труда
|
| 610 |
1 |
|
|a техника безопасности
|
| 675 |
|
|
|a 662.74.041
|v 3
|
| 700 |
|
1 |
|a Вольфовский
|b Г. М.
|g Гарри Максович
|
| 701 |
|
1 |
|a Мироненко
|b Л. И.
|g Леонид Иванович
|
| 701 |
|
1 |
|a Кауфман
|b . .
|g Александр Абрамович
|
| 801 |
|
0 |
|a RU
|b RuMRKP
|c 19950417
|g psbo
|
| 801 |
|
1 |
|a RU
|b 63413507
|c 20140312
|
| 801 |
|
2 |
|a RU
|b 63413507
|c 20140418
|g RCR
|
| 942 |
|
|
|c BK
|